Kompetentnosť agrárnych manažérov

Diferenciácia v slovenskom poľnohospodárstve. Problematika kompetentnosti agrárnych manažérov, ktorá je súčasťou širšieho výskumu zameraného na analýzu tvrdých a mäkkých faktorov manažmentu v poľnohospodárskych podnikoch vo vzťahu k ich úspešnosti. Materiál a metódy výskumu. Výsledky a diskusia.

Salvato in:
Dettagli Bibliografici
Autore principale: Jankelová, Nadežda, 1966-
Natura: Capitolo di libro
Lingua:slovacco
Soggetti:
Tags: Aggiungi Tag
Nessun Tag, puoi essere il primo ad aggiungerne!!

MARC

LEADER 00000naa$a2200000$$$4500
001 0045056
005 20240502071524.8
041 0 |a slo 
044 |a SK 
245 1 0 |a Kompetentnosť agrárnych manažérov  |c Nadežda Jankelová 
520 |a Diferenciácia v slovenskom poľnohospodárstve. Problematika kompetentnosti agrárnych manažérov, ktorá je súčasťou širšieho výskumu zameraného na analýzu tvrdých a mäkkých faktorov manažmentu v poľnohospodárskych podnikoch vo vzťahu k ich úspešnosti. Materiál a metódy výskumu. Výsledky a diskusia. 
610 2 0 |a poľnohospodárstvo 
610 2 0 |a podnik poľnohospodársky 
610 2 0 |a výsledok hospodársky 
610 2 0 |a manažéri 
610 2 0 |a odbornosť 
610 2 0 |a manažment 
610 2 0 |a výskum 
610 2 0 |a Slovensko 
100 1 |a Jankelová, Nadežda, 1966-